[Event "BL2 West 1920 (Women)"]
[Site "Germany"]
[Date "2020.02.16"]
[Round "7.3"]
[White "Benzen, Marthe"]
[Black "Veldhuis, Karina"]
[Result "1-0"]
[WhiteElo "1958"]
[BlackElo "1821"]
[PlyCount "59"]
[EventDate "2019.09.14"]
[EventType "team-tourn"]
[EventRounds "7"]
[EventCountry "GER"]
[SourceTitle "EXT 2021"]
[Source "ChessBase"]
[SourceDate "2020.10.23"]
[SourceVersion "1"]
[SourceVersionDate "2020.10.23"]
[SourceQuality "1"]
[WhiteTeam "Kiel Doppelbauer (W)"]
[BlackTeam "Steinfurt (W)"]
[WhiteTeamCountry "GER"]
[BlackTeamCountry "GER"]

1. e4 c5 2. Nc3 d6 3. g3 Nf6 4. Bg2 Nc6 5. f4 Bg4 6. Nce2 Qc7 7. c3 e5 8. h3 Bd7 9. Nf3 Nxe4 10. Nxe5 Nxc3 11. bxc3 dxe5 12. 0-0 Be7 13. fxe5 Nxe5 14. d4 cxd4 15. cxd4 Ng6 16. Qb3 0-0 17. Bf4 Nxf4 18. Nxf4 Bf6 19. Rfd1 Bc6 20. d5 Bxa1 21. dxc6 Be5 22. Nd5 Qa5 23. cxb7 Qc5+ 24. Kh2 Rab8 25. Nb4 Qf2 26. Qf3 Qb2 27. Nc6 Bxg3+ 28. Qxg3 Rxb7 29. Qd6 Rb6 30. Qxf8+ 1-0

[Event "BL2 West 1920 (Women)"]
[Site "Germany"]
[Date "2019.09.15"]
[Round "2.5"]
[White "Buchholz, Maja Patricia"]
[Black "Veldhuis, Karina"]
[Result "0-1"]
[WhiteElo "1711"]
[BlackElo "1821"]
[PlyCount "132"]
[EventDate "2019.09.14"]
[EventType "team-tourn"]
[EventRounds "7"]
[EventCountry "GER"]
[SourceTitle "EXT 2021"]
[Source "ChessBase"]
[SourceDate "2020.10.23"]
[SourceVersion "1"]
[SourceVersionDate "2020.10.23"]
[SourceQuality "1"]
[WhiteTeam "Langen (W)"]
[BlackTeam "Steinfurt (W)"]
[WhiteTeamCountry "GER"]
[BlackTeamCountry "GER"]

1. c4 e5 2. g3 Nf6 3. Bg2 c6 4. Nc3 d6 5. d3 Be7 6. Nf3 0-0 7. 0-0 h6 8. Rb1 Be6 9. b4 Nbd7 10. a4 d5 11. cxd5 Nxd5 12. Nxd5 cxd5 13. Qd2 Bf6 14. Bb2 Rc8 15. Qe3 d4 16. Qd2 Nb6 17. Ra1 Bb3 18. a5 Na4 19. Bc1 Rc2 20. Qe1 Nc3 21. Bd2 Qd6 22. Bxc3 dxc3 23. b5 Rc8 24. Qb1 Rb2 25. Qe1 Qc5 26. Rb1 Rxb1 27. Qxb1 Qxb5 28. Rc1 Ba4 29. Qxb5 Bxb5 30. Ne1 b6 31. Bb7 Rc7 32. a6 Be7 33. Nc2 Ba4 34. Kf1 b5 35. d4 Bxc2 36. Rxc2 exd4 37. Ke1 b4 38. Bd5 Rc5 39. Bb3 Bg5 40. f4 Be7 41. Ra2 g5 42. fxg5 hxg5 43. g4 Bd6 44. h3 Kf8 45. Kf2 f5 46. Kf3 f4 47. Ke4 Be5 48. Kf3 Ke7 49. Bc2 Kd6 50. Bb3 Kc6 51. Ke4 Bf6 52. Kd3 Kb6 53. Bc4 Re5 54. Kc2 Re3 55. Bd3 Rxh3 56. Kb3 Be7 57. Rc2 Rg3 58. Bf5 Kxa6 59. Kc4 f3 60. exf3 Rxf3 61. Rc1 Kb6 62. Kxd4 b3 63. Kc4 c2 64. Re1 a5 65. Bd3 Re3 66. Rc1 Ba3 0-1

[Event "BL2 West 1819 (Women)"]
[Site "Germany"]
[Date "2018.10.28"]
[Round "2.5"]
[White "Wulf, Constanze"]
[Black "Veldhuis, Karina"]
[Result "1-0"]
[WhiteElo "1661"]
[BlackElo "1847"]
[PlyCount "61"]
[EventDate "2018.10.27"]
[EventType "team-tourn"]
[EventRounds "7"]
[EventCountry "GER"]
[SourceTitle "CBM 190 Extra"]
[Source "ChessBase"]
[SourceDate "2019.07.15"]
[SourceVersion "1"]
[SourceVersionDate "2019.07.15"]
[SourceQuality "1"]
[WhiteTeam "Hamburger SK (W) II"]
[BlackTeam "Steinfurt (W)"]
[WhiteTeamCountry "GER"]
[BlackTeamCountry "GER"]

1. e4 c5 2. Nf3 d6 3. c3 Nf6 4. Be2 Nc6 5. d4 cxd4 6. cxd4 Nxe4 7. d5 Qa5+ 8. Nc3 Nb8 9. 0-0 Nf6 10. Re1 Bf5 11. Bf4 Qb4 12. Nd4 Bd7 13. Bb5 a6 14. Bxd7+ Nbxd7 15. Rc1 Nb6 16. a3 Qxb2 17. Bxd6 Nbxd5 18. Nxd5 Nxd5 19. Nf5 Nc3 20. Qd3 Rd8 21. Qxc3 Qxc3 22. Rxc3 e6 23. Bxf8 Kxf8 24. Ne3 g6 25. Rc7 b5 26. Ra7 Rd6 27. Rc1 Kg7 28. Rcc7 Rf8 29. Kf1 Kg8 30. Ke2 e5 31. Re7 1-0

[Event "BL2 West 1516 (Women)"]
[Site "Germany"]
[Date "2015.09.27"]
[Round "2.3"]
[White "Veldhuis, Karina"]
[Black "Bork, Sophie"]
[Result "0-1"]
[WhiteElo "1687"]
[BlackElo "1666"]
[PlyCount "96"]
[EventDate "2015.09.26"]
[EventType "team-tourn"]
[EventRounds "7"]
[EventCountry "GER"]
[SourceTitle "EXT 2017"]
[Source "ChessBase"]
[SourceDate "2016.10.25"]
[SourceVersion "1"]
[SourceVersionDate "2016.10.25"]
[SourceQuality "1"]
[WhiteTeam "Steinfurt (W)"]
[BlackTeam "Paderborn (W)"]
[WhiteTeamCountry "GER"]
[BlackTeamCountry "GER"]

1. d4 d5 2. Nf3 c5 3. e3 Nf6 4. c3 Nc6 5. Bd3 c4 6. Bc2 Bg4 7. h3 Bh5 8. Qe2 b5 9. e4 e6 10. Bg5 Be7 11. Nbd2 Bg6 12. Rc1 0-0 13. 0-0 Re8 14. Bxf6 Bxf6 15. e5 Bxc2 16. Rxc2 Be7 17. b4 a5 18. a3 axb4 19. axb4 Ra4 20. Rfc1 Bxb4 21. cxb4 Nxb4 22. Nb1 Nxc2 23. Qxc2 Qa5 24. Ng5 g6 25. Nc3 Ra1 26. Kh2 b4 27. Rxa1 Qxa1 28. Nb5 b3 29. Qd2 b2 30. Nc3 b1Q 31. Nxb1 Qxb1 32. Qf4 Rf8 33. Qh4 h5 34. g4 Qd1 35. gxh5 Qxh5 36. Qg3 Rb8 37. Qf4 Rf8 38. Qg3 Qh6 39. h4 Qg7 40. Qg4 Re8 41. Qf3 Rb8 42. Qg4 c3 43. Qd1 Rc8 44. Qc2 Rc4 45. Nf3 Qh6 46. Kg3 Qh5 47. Qc1 c2 48. Kg2 Qg4+ 0-1